Citizens : (Record no. 1032)

000 -LEADER
fixed length control field 01294nam a22003737a 4500
001 - CONTROL NUMBER
control field 2927938
003 - CONTROL NUMBER IDENTIFIER
control field OSt
005 - DATE AND TIME OF LATEST TRANSACTION
control field 20210426120403.0
008 - FIXED-LENGTH DATA ELEMENTS--GENERAL INFORMATION
fixed length control field 890301s1990 nyua b 001 0 eng
010 ## - LIBRARY OF CONGRESS CONTROL NUMBER
LC control number 89040127
020 ## - INTERNATIONAL STANDARD BOOK NUMBER
International Standard Book Number 0679726101
040 ## - CATALOGING SOURCE
Original cataloging agency DLC
Transcribing agency DLC
Modifying agency DLC
Language of cataloging eng
041 ## - LANGUAGE CODE
Language code of text/sound track or separate title eng
043 ## - GEOGRAPHIC AREA CODE
Geographic area code e-fr---
050 00 - LIBRARY OF CONGRESS CALL NUMBER
Classification number DC148
Item number .S43 1990
080 ## - UNIVERSAL DECIMAL CLASSIFICATION NUMBER
Universal Decimal Classification number 94
Item number S-31
082 00 - DEWEY DECIMAL CLASSIFICATION NUMBER
Classification number 944.04
Edition number 20
100 1# - MAIN ENTRY--PERSONAL NAME
Personal name Schama, Simon.
245 10 - TITLE STATEMENT
Title Citizens :
Remainder of title a chronicle of the French Revolution /
Statement of responsibility, etc. / by: Vintage Books
250 ## - EDITION STATEMENT
Edition statement 1st Vintage Books edition
260 ## - PUBLICATION, DISTRIBUTION, ETC.
Place of publication, distribution, etc. New York :
Name of publisher, distributor, etc. Vintage Books
Date of publication, distribution, etc. 1990.
300 ## - PHYSICAL DESCRIPTION
Extent xx, 948 p.
Other physical details ill.
Dimensions 24 cm.
365 ## - TRADE PRICE
Price amount 26 usd
504 ## - BIBLIOGRAPHY, ETC. NOTE
Bibliography, etc. note Includes bibliographical references (p. 879-906) and index.
650 #0 - SUBJECT ADDED ENTRY--TOPICAL TERM
9 (RLIN) 252
Topical term or geographic name entry element History
651 #0 - SUBJECT ADDED ENTRY--GEOGRAPHIC NAME
Geographic name France
General subdivision History
Chronological subdivision Revolution, 1789-1799.
653 ## - INDEX TERM--UNCONTROLLED
Uncontrolled term ისტორია
653 ## - INDEX TERM--UNCONTROLLED
Uncontrolled term საფრანგეთის რევოლუცია
856 42 - ELECTRONIC LOCATION AND ACCESS
Materials specified Contributor biographical information
Uniform Resource Identifier <a href="http://www.loc.gov/catdir/bios/random056/89040127.html">http://www.loc.gov/catdir/bios/random056/89040127.html</a>
856 42 - ELECTRONIC LOCATION AND ACCESS
Materials specified Publisher description
Uniform Resource Identifier <a href="http://www.loc.gov/catdir/description/random042/89040127.html">http://www.loc.gov/catdir/description/random042/89040127.html</a>
906 ## - LOCAL DATA ELEMENT F, LDF (RLIN)
a 7
b cbc
c orignew
d 1
e ocip
f 19
g y-gencatlg
942 ## - ADDED ENTRY ELEMENTS (KOHA)
Source of classification or shelving scheme
Koha item type Books
Edition 1
Holdings
Withdrawn status Lost status Source of classification or shelving scheme Damaged status Not for loan Permanent location Current location Date acquired Inventory number Total Checkouts Full call number Barcode Date last seen Price effective from Koha item type
          Ken Walker International University Ken Walker International University 01/28/2021 2554   94 S-31 2554 01/28/2021 01/28/2021 Books

Powered by Koha